000 00733nam a2200289Ia 4500
003 OSt
005 20231012100154.0
008 210210b2012 xxu||||| |||| 00| 0 eng d
020 _a8121916976
040 _cAL
041 _aeng
082 _a658.8 PILM
100 _aPILLAI (R S N)
_9137620
245 _aModern marketing: principles and practices
250 _a4 Rev
260 _aNew Delhi
_bS. Chand & Co. Ltd.
_c2012
300 _axii,592
650 _aprinciples
_9137621
650 _apractices
_9137622
650 _aModern
_9137623
650 _amarketing:
_9137624
650 _aand
_9137625
690 _aMarketing Management
_9137626
700 _aBAGAVATHI
_9137627
906 _a066986
942 _2ddc
_cBK
999 _c149399
_d149399